Statistics for Largest Cities in Florida - Extreme

Click here to take the quiz!

General Stats

  • This quiz has been taken 47 times
    (20 since last reset)
  • The average score is 36 of 100

Answer Stats

PopulationCity% Correct
990,931Jacksonville
100%
456,229Miami
100%
205,536Tallahassee
100%
408,438Tampa
100%
324,429Orlando
94%
124,372West Palm Beach
89%
183,412Fort Lauderdale
83%
148,225Gainesville
83%
263,515St. Petersburg
83%
99,776Boca Raton
78%
83,642Daytona Beach
78%
116,770Clearwater
72%
238,576Cape Coral
67%
104,627Fort Myers
67%
218,194Hialeah
67%
80,804Kissimmee
67%
77,576Miami Beach
67%
67,163Ocala
67%
53,284Pensacola
67%
152,508Hollywood
61%
256,772Port St. Lucie
61%
126,248Lakeland
56%
168,690Pembroke Pines
56%
59,570Sarasota
56%
48,642Coral Gables
50%
132,579Coral Springs
50%
82,614Homestead
50%
109,513Miami Gardens
50%
139,954Miramar
50%
57,973North Miami
50%
58,110Bradenton
44%
61,137Jupiter
44%
87,835Melbourne
44%
138,314Palm Bay
44%
112,650Pompano Beach
44%
76,772The Villages
44%
107,002Davie
39%
86,781Deerfield Beach
39%
100,496Deltona
39%
107,087Palm Coast
39%
114,109Brandon
33%
67,251Delray Beach
33%
49,830Titusville
33%
58,888Bonita Springs
28%
81,066Boynton Beach
28%
82,490Largo
28%
42,600North Miami Beach
28%
53,934Pinellas Park
28%
100,034Plantation
28%
65,212Sanford
28%
95,509Sunrise
28%
59,453Winter Haven
28%
49,679Clermont
22%
56,974Coconut Creek
22%
44,436DeLand
22%
49,242Fort Pierce
22%
94,711North Port
22%
43,513Oakland Park
22%
48,884Ocoee
22%
63,491Port Charlotte
22%
120,022Spring Hill
22%
69,559St. Cloud
22%
71,918Tamarac
22%
44,902Altamonte Springs
17%
59,131Apopka
17%
67,182Four Corners
17%
43,608Greenacres
17%
79,192Kendall
17%
72,954Lauderhill
17%
124,357Lehigh Acres
17%
57,819Margate
17%
44,987Ormond Beach
17%
61,113Palm Beach Gardens
17%
70,089Poinciana
17%
67,012Port Orange
17%
61,301Wellington
17%
67,356Weston
17%
91,594Alafaya
11%
50,715Country Club
11%
42,706Cutler Bay
11%
77,759Doral
11%
67,709Horizon West
11%
44,180Lake Worth Beach
11%
42,956Land O' Lakes
11%
44,990Meadow Woods
11%
44,359North Lauderdale
11%
85,027Pine Hills
11%
49,945Tamiami
11%
56,607The Hammocks
11%
89,121Town 'n' Country
11%
49,957University
11%
76,174Wesley Chapel
11%
47,035Winter Garden
11%
51,199Kendale Lakes
6%
42,179Lakewood Ranch
6%
42,669North Fort Myers
6%
61,391Palm Harbor
6%
109,085Riverview
6%
55,284Fountainebleau
0%
53,060Westchester
0%

Score Distribution

Percentile by Number Answered

Percent of People with Each Score

Your Score History

You have not taken this quiz since the last reset